Normal view
MARC view
- Signalteori: teleteknik
Entry Topical Term
001 - CONTROL NUMBER
- control field: 114186
003 - CONTROL NUMBER IDENTIFIER
- control field: NUST
005 - DATE AND TIME OF LATEST TRANSACTION
- control field: 20230819092239.0
008 - FIXED-LENGTH DATA ELEMENTS
- fixed length control field: 230819|| aca||aabn | a|a d
040 ## - CATALOGING SOURCE
- Original cataloging agency: NUST
- Transcribing agency: NUST
150 ## - HEADING--TOPICAL TERM
- Topical term or geographic name entry element: Signalteori: teleteknik
670 ## - SOURCE DATA FOUND
- Source citation: Work cat.: (NUST)194313: Marple, S. Lawrence, 114185, Digital spectral analysis :, cop. 1987
